000 00453nam a2200169Ia 4500
008 121109t2007 xxu||||| |||| 00| 0 sin d
041 _asin
080 _aX8S1
_bSIL
100 _aBuddika Kumudumali Da Silva
245 _aවිනිර්මුක්ත
246 _aVinirmuktha
260 _bNishantha Mudhdhrana Shilpiyo
_aGanemulla
_c2007
300 _b58p., 22 cm
942 _cBK
999 _c76531
_d76531
003 LK-CoDNM
040 _aLK-CoDNM
_dLK-CoDNM
_eLK-CoDNM